The miniature palms of Japan : cultivating kannonchiku and shurochiku /

Bibliographic Details
Main Author: Okita, Yoshihiro
Other Authors: Hollenberg, J. Leland
Format: Book
Language:English
Published: New York : Weatherhill, 1981.
Edition:1st ed.
Subjects:

MARC

Tag First Indicator Second Indicator Subfields
LEADER 00000pam a2200000 a 4500
001 in00000091378
005 20151008063924.0
008 810113s1981 nyuaf 00110 engm
010 |a  81000387  
020 |a 0834801604 
035 |a (OCoLC)07204754 
035 |9 AAK3183AM 
039 0 |a 2  |b 3  |c 3  |d 3  |e 3 
040 |a DLC  |c DLC  |d m.c.  |d TXA  |d UtOrBLW 
049 |a TXAM  |c [387682] 
050 0 0 |a SB413.R44  |b O37 
082 0 |a 635.9/7745  |2 19 
100 1 |a Okita, Yoshihiro. 
245 1 4 |a The miniature palms of Japan :  |b cultivating kannonchiku and shurochiku /  |c by Yoshihiro Okita and J. Leland Hollenberg. 
250 |a 1st ed. 
264 1 |a New York :  |b Weatherhill,  |c 1981. 
300 |a ix, 140 pages, 16 unnumbered pages of plates :  |b illustrations (some color) ;  |c 24 cm. 
336 |a text  |b txt  |2 rdacontent 
337 |a unmediated  |b n  |2 rdamedia 
338 |a volume  |b nc  |2 rdacarrier 
500 |a Includes index. 
650 0 |a Rhapis excelsa. 
650 0 |a Rhapis humilis. 
650 0 |a Miniature plants. 
700 1 |a Hollenberg, J. Leland. 
999 |a MARS 
999 f f |s ba533449-012b-3338-9df6-0f2a67580cc8  |i ff155b06-3c8e-3bb9-8fb1-e53f68dbeeb9  |t 0 
952 f f |p ric  |a Texas A&M University  |b Rellis Campus  |c Joint Library Facility  |d Remote Storage  |t 0  |e SB413.R44 O37  |h Library of Congress classification  |i unmediated -- volume  |m A14806236046 
998 f f |a SB413.R44 O37  |t 0  |l Remote Storage